Statistics for League of Ireland Premier Division Teams 2021/22 - SOCCER

Click here to take the quiz!

General Stats

  • This quiz has been taken 17 times
  • The average score is 7 of 10

Answer Stats

TEAM% Correct
Shamrock Rovers
100%
Derry City
87%
Dundalk
80%
St Patricks
80%
Waterford
73%
Bohemians
67%
Sligo Rovers
67%
Finn Harps
60%
Longford Town
47%
Drogheda Utd
20%

Score Distribution

Percentile by Number Answered

Percent of People with Each Score

Your Score History

You have not taken this quiz